[Event "Porto Mannu Open 2009"]
[Site "Palau"]
[Date "2009.05.16"]
[Round "1.27"]
[White "Albrecht, Rainer"]
[Black "Gemma, Dario"]
[Result "1/2-1/2"]
[WhiteElo "2169"]
[BlackElo "1885"]
[PlyCount "45"]
[EventDate "2009.05.16"]

1. d4 d5 2. c4 e6 3. Nc3 c6 4. e3 f5 5. g4 Nf6 6. gxf5 exf5 7. Qb3 Qb6 8. Qxb6
axb6 9. cxd5 Nxd5 10. Nxd5 cxd5 11. Ne2 Na6 12. Bd2 Bd6 13. a3 Bd7 14. Rc1 O-O
15. Bg2 Nc7 16. Rxc7 Bxc7 17. Bxd5+ Kh8 18. Bxb7 Rae8 19. Bb4 Rf6 20. Nc3 Bc6
21. Bxc6 Rxc6 22. Ke2 Rh6 23. h3 1/2-1/2

[Event "Porto Mannu Open 2009"]
[Site "Palau"]
[Date "2009.05.16"]
[Round "1.20"]
[White "Astengo, Corrado"]
[Black "Piscopo, Pierluigi"]
[Result "0-1"]
[WhiteElo "2208"]
[BlackElo "2405"]
[PlyCount "58"]
[EventDate "2009.05.16"]

1. e4 c5 2. Nf3 Nc6 3. d4 cxd4 4. Nxd4 Nf6 5. Nc3 e5 6. Ndb5 d6 7. Bg5 a6 8.
Na3 b5 9. Bxf6 gxf6 10. Nd5 f5 11. c3 Bg7 12. exf5 Bxf5 13. Nc2 Be6 14. Nce3
Ne7 15. a4 Nxd5 16. Nxd5 O-O 17. Be2 Rc8 18. axb5 Rc5 19. Bf3 Rxb5 20. Rxa6 e4
21. Bxe4 Bxd5 22. Bxd5 Qe8+ 23. Kf1 Rxb2 24. Bc4 Qc8 25. Bd3 Qxc3 26. Rxd6 Re8
27. g3 Qc5 28. Bxh7+ Kxh7 29. Rd2 Rd8 0-1

[Event "Porto Mannu Open 2009"]
[Site "Palau"]
[Date "2009.05.16"]
[Round "1.26"]
[White "Carola, Paolo"]
[Black "Schaefer, Michael"]
[Result "0-1"]
[WhiteElo "1891"]
[BlackElo "2172"]
[PlyCount "76"]
[EventDate "2009.05.16"]

1. e4 c5 2. c3 d5 3. exd5 Qxd5 4. d4 g6 5. Nf3 Bg7 6. Be3 cxd4 7. cxd4 Qa5+ 8.
Nc3 Nh6 9. Bc4 O-O 10. O-O Bg4 11. h3 Bxf3 12. Qxf3 Nc6 13. Rfd1 Nf5 14. d5 Ne5
15. Qe2 Nxe3 16. fxe3 Nxc4 17. Qxc4 Rac8 18. Qe4 Rc7 19. d6 exd6 20. Nd5 Rd7
21. b4 Qd8 22. Rac1 Re8 23. Qf3 Be5 24. e4 Kg7 25. Rc4 Qh4 26. Rdc1 Qg3 27. Rc7
Rxc7 28. Nxc7 Qh2+ 29. Kf2 Bd4+ 30. Ke2 Re5 31. Kd3 Bb6 32. Nd5 f5 33. exf5
Rxf5 34. Qe4 Qg3+ 35. Kc4 Qf2 36. Rc2 Qf1+ 37. Re2 Re5 38. Qf3 Qxe2+ 0-1

[Event "Porto Mannu Open 2009"]
[Site "Palau"]
[Date "2009.05.16"]
[Round "1.28"]
[White "Coralli, Nevio"]
[Black "Byron, Alan M"]
[Result "0-1"]
[WhiteElo "1884"]
[BlackElo "2168"]
[PlyCount "50"]
[EventDate "2009.05.16"]

1. c4 e5 2. Nc3 Nc6 3. g3 Nf6 4. Bg2 Bb4 5. e3 Bxc3 6. bxc3 O-O 7. Ne2 e4 8. a4
d6 9. O-O Be6 10. Nf4 Bxc4 11. d3 exd3 12. Nxd3 Re8 13. Re1 Rb8 14. a5 Ne5 15.
Nb2 Be6 16. h3 Qd7 17. Kh2 Qb5 18. Bf1 Qc6 19. Bg2 Bd5 20. Rg1 Bf3 21. Qd2 Re6
22. Nd3 Nfg4+ 23. Kh1 Nxd3 24. Bxf3 Qxf3+ 25. Rg2 Ne1 0-1

[Event "Porto Mannu Open 2009"]
[Site "Palau"]
[Date "2009.05.16"]
[Round "1.15"]
[White "Collutiis, Duilio"]
[Black "Lapicki, Raul"]
[Result "1-0"]
[WhiteElo "2451"]
[BlackElo "2254"]
[PlyCount "59"]
[EventDate "2009.05.16"]

1. Nf3 Nf6 2. g3 d5 3. Bg2 e6 4. O-O c5 5. d3 Nc6 6. Nbd2 b6 7. e4 Bb7 8. Re1
Be7 9. c3 Qc7 10. Qe2 dxe4 11. dxe4 Rd8 12. e5 Nd5 13. a3 Qc8 14. c4 Nc7 15.
Ne4 O-O 16. b3 Rd7 17. h4 Qa8 18. Bg5 Bxg5 19. Nfxg5 Nxe5 20. Nxh7 Kxh7 21.
Qh5+ Kg8 22. Ng5 Rfd8 23. Bxb7 Qxb7 24. Rxe5 Ne8 25. Qh7+ Kf8 26. Rae1 Rd1 27.
Qh8+ Ke7 28. Qg8 Rxe1+ 29. Rxe1 Nd6 30. Rxe6+ 1-0

[Event "Porto Mannu Open 2009"]
[Site "Palau"]
[Date "2009.05.16"]
[Round "1.14"]
[White "Cori Tello, Deysi"]
[Black "Vocaturo, Daniele"]
[Result "0-1"]
[WhiteElo "2262"]
[BlackElo "2480"]
[PlyCount "110"]
[EventDate "2009.05.16"]

1. d4 Nf6 2. Nf3 e6 3. c4 Nc6 4. Bg5 h6 5. Bxf6 Qxf6 6. Nc3 g6 7. Qd2 Bg7 8. d5
Ne5 9. Nxe5 Qxe5 10. e3 O-O 11. Be2 exd5 12. cxd5 a6 13. O-O b5 14. f4 Qd6 15.
Ne4 Qb6 16. f5 Bb7 17. Bg4 Rfe8 18. Qd3 Re5 19. fxg6 fxg6 20. Rad1 Kh8 21. Qd4
Qxd4 22. Rxd4 Bxd5 23. Nf6 Bc4 24. Rf3 d6 25. b3 Be6 26. Bxe6 Rxe6 27. Rdf4 c6
28. g4 Rf8 29. Nd7 Rxf4 30. exf4 Re7 31. Nb8 c5 32. Rd3 Bd4+ 33. Kg2 Re2+ 34.
Kg3 g5 35. Nc6 Re3+ 36. Rxe3 Bxe3 37. fxg5 hxg5 38. Kf3 Bf4 39. h4 d5 40. Ne7
Bd6 41. Nf5 Bf8 42. hxg5 Kh7 43. Ne3 d4 44. Nd5 c4 45. Ke4 Bc5 46. bxc4 bxc4
47. Nf4 d3 48. Nd5 d2 49. Nc3 Bb4 50. Nd1 Kg6 51. Ne3 c3 52. Kd3 Bc5 53. Nd1
Bd4 54. a4 Kxg5 55. a5 Kf4 0-1

[Event "Porto Mannu Open 2009"]
[Site "Palau"]
[Date "2009.05.16"]
[Round "1.23"]
[White "Dewenter, Ulf"]
[Black "Del Nevo, Claudio"]
[Result "1-0"]
[WhiteElo "2181"]
[BlackElo "1894"]
[PlyCount "83"]
[EventDate "2009.05.16"]

1. f4 d6 2. Nf3 Nf6 3. Nc3 g6 4. e4 c6 5. d4 Bg7 6. Bd3 O-O 7. O-O Na6 8. Kh1
Nc7 9. Qe1 b5 10. Qh4 e6 11. Be3 Nd7 12. Qg3 b4 13. Ne2 Ba6 14. Bxa6 Nxa6 15.
f5 exf5 16. Qxd6 fxe4 17. Ng5 Qc7 18. Bf4 Bh6 19. Qxf8+ Rxf8 20. Bxc7 Bxg5 21.
Bd6 Re8 22. a3 Be7 23. Bxb4 c5 24. dxc5 Bxc5 25. Rad1 Nb6 26. Bxc5 Nxc5 27. b4
Ne6 28. a4 Nc4 29. Rd7 f5 30. Rxa7 Ne3 31. Rc1 Rd8 32. b5 Rd2 33. b6 Nc5 34.
Nf4 Ng4 35. b7 Nxb7 36. Rxb7 g5 37. Ne6 e3 38. Rcb1 Rd1+ 39. Rxd1 Nf2+ 40. Kg1
Nxd1 41. Rb8+ Kf7 42. Nxg5+ 1-0

[Event "Porto Mannu Open 2009"]
[Site "Palau"]
[Date "2009.05.16"]
[Round "1.13"]
[White "D'Amore, Carlo"]
[Black "Paglietti, Nicola"]
[Result "1/2-1/2"]
[WhiteElo "2483"]
[BlackElo "2269"]
[PlyCount "101"]
[EventDate "2009.05.16"]

1. Nf3 Nf6 2. g3 g6 3. b3 Bg7 4. Bb2 O-O 5. Bg2 c5 6. c4 Nc6 7. O-O d6 8. d4
cxd4 9. Nxd4 Bd7 10. Nc3 Rc8 11. Qd2 Qa5 12. Rfd1 Qh5 13. Nd5 Nxd5 14. Nxc6
Bxb2 15. Qxb2 bxc6 16. cxd5 c5 17. Qd2 Rc7 18. Rac1 Rfc8 19. Rc4 Bb5 20. Re4
Qf5 21. Qa5 Be8 22. Rc1 Qd7 23. Qd2 Qf5 24. Bf3 Qf6 25. Bg4 Bd7 26. Bxd7 Rxd7
27. b4 Rdc7 28. Rec4 Qe5 29. f4 Qf5 30. e4 Qd7 31. bxc5 Rxc5 32. Rxc5 Rxc5 33.
Rxc5 dxc5 34. Qa5 Qb7 35. Qxc5 Qb1+ 36. Kf2 Qxa2+ 37. Kf3 Qb3+ 38. Kg2 Qb7 39.
Qc6 Qb4 40. Kf3 a5 41. e5 a4 42. d6 exd6 43. exd6 Qb3+ 44. Ke4 Qb1+ 45. Kd4
Qb4+ 46. Kd5 Qd2+ 47. Kc5 Qe3+ 48. Kb5 a3 49. d7 Qd3+ 50. Kb6 a2 51. Qa8+
1/2-1/2

[Event "Porto Mannu Open 2009"]
[Site "Palau"]
[Date "2009.05.16"]
[Round "1.2"]
[White "Friedrich, N. ."]
[Black "Hillarp Persson, T."]
[Result "1/2-1/2"]
[WhiteElo "2350"]
[BlackElo "2618"]
[PlyCount "42"]
[EventDate "2009.05.16"]

1. e4 c5 2. Nf3 e6 3. c3 Nf6 4. e5 Nd5 5. d4 cxd4 6. cxd4 d6 7. Bc4 Nc6 8. O-O
Nb6 9. Bd3 dxe5 10. dxe5 Nb4 11. Be4 Qxd1 12. Rxd1 N4d5 13. a4 f5 14. exf6 Nxf6
15. Bd3 Nbd5 16. Bb5+ Bd7 17. Re1 Bxb5 18. axb5 Bc5 19. Nc3 O-O 20. Na4 Bb4 21.
Rxe6 Rfe8 1/2-1/2

[Event "Porto Mannu Open 2009"]
[Site "Palau"]
[Date "2009.05.16"]
[Round "1.11"]
[White "Grandelius, Nils"]
[Black "Drei, Andrea"]
[Result "1-0"]
[WhiteElo "2491"]
[BlackElo "2278"]
[PlyCount "115"]
[EventDate "2009.05.16"]

1. Nf3 Nf6 2. c4 e6 3. g3 b6 4. d4 Bb7 5. Bg2 Be7 6. O-O O-O 7. d5 exd5 8. Nh4
c6 9. cxd5 Nxd5 10. Nf5 Nc7 11. e4 d5 12. Nc3 Nba6 13. Re1 Re8 14. exd5 cxd5
15. Bf4 Bf8 16. Qg4 Qf6 17. Nh6+ Kh8 18. Qd7 Bc6 19. Qxf7 Rxe1+ 20. Rxe1 Qxf7
21. Nxf7+ Kg8 22. Ne5 Re8 23. Rd1 Ba8 24. Nxd5 Ne6 25. Bf3 Rd8 26. Ne7+ Bxe7
27. Rxd8+ Nxd8 28. Bxa8 Nc7 29. Be4 Bf6 30. Nd3 Nde6 31. Kf1 Kf7 32. Ke2 Nd4+
33. Kd2 g6 34. Nb4 Nde6 35. b3 Nc5 36. Bf3 Nd7 37. Nc6 Ne5 38. Nxe5+ Bxe5 39.
Kd3 Ke6 40. Bc1 Nb5 41. Bg4+ Kd6 42. a4 Nd4 43. f4 Bg7 44. Kc4 a6 45. Bb2 Ne6
46. Ba3+ Nc5 47. b4 Nxa4 48. b5+ Kc7 49. bxa6 Kb8 50. Kb5 Nc3+ 51. Kxb6 Bd4+
52. Kc6 Ka7 53. Bc8 Na4 54. Kb5 Nb6 55. Bb7 Nd7 56. Kc6 Nf6 57. Bd6 Ng4 58. Kc7
1-0

[Event "Porto Mannu Open 2009"]
[Site "Palau"]
[Date "2009.05.16"]
[Round "1.12"]
[White "Kraemer, Stefan"]
[Black "Naumkin, Igor"]
[Result "1/2-1/2"]
[WhiteElo "2278"]
[BlackElo "2488"]
[PlyCount "65"]
[EventDate "2009.05.16"]

1. e4 e5 2. Nf3 Nc6 3. d4 exd4 4. Nxd4 Bc5 5. Be3 Qf6 6. c3 Nge7 7. g3 d5 8.
Bg2 Bxd4 9. cxd4 dxe4 10. Nc3 O-O 11. O-O Rd8 12. Nxe4 Qg6 13. Nc5 Bg4 14. Qa4
Rab8 15. Rac1 Qh5 16. Nd3 Nd5 17. Rc5 Qg6 18. Qb3 Bf5 19. Bxd5 Bxd3 20. Bxf7+
Qxf7 21. Qxd3 Nb4 22. Qc4 Nd5 23. b4 a6 24. a4 c6 25. b5 cxb5 26. axb5 b6 27.
Rc6 axb5 28. Qxb5 h6 29. Qb3 b5 30. Rc5 b4 31. Rb1 Kh8 32. Rbc1 Qf3 33. Qd1
1/2-1/2

[Event "Porto Mannu Open 2009"]
[Site "Palau"]
[Date "2009.05.16"]
[Round "1.9"]
[White "Lemos, Damian"]
[Black "Gretarsson, Hjorvar Stein"]
[Result "1-0"]
[WhiteElo "2512"]
[BlackElo "2287"]
[PlyCount "165"]
[EventDate "2009.05.16"]

1. d4 Nf6 2. c4 e6 3. Nc3 Bb4 4. Qc2 O-O 5. a3 Bxc3+ 6. Qxc3 b6 7. Bg5 Bb7 8.
e3 d6 9. Ne2 Nbd7 10. Qd3 c5 11. Nc3 Qe7 12. Be2 Rfe8 13. O-O Nf8 14. Rfd1 Rad8
15. Qc2 h6 16. Bf4 g5 17. Bg3 Ng6 18. Qa4 h5 19. dxc5 bxc5 20. Qxa7 e5 21. h3
g4 22. hxg4 hxg4 23. Qb6 Kg7 24. Nb5 Ne4 25. Nc7 Qg5 26. Qxb7 Nxg3 27. Bxg4
Qxg4 28. Nxe8+ Rxe8 29. fxg3 e4 30. Rf1 Re7 31. Qd5 Qxg3 32. Rac1 Nh4 33. Rc2
f6 34. Rf4 Nf3+ 35. Rxf3 exf3 36. Qxf3 Qg5 37. g3 Qg6 38. Rd2 Qg5 39. Re2 Qg6
40. Qd5 Qb1+ 41. Kg2 Re5 42. Qf3 Rf5 43. Qg4+ Kf7 44. Rf2 Rxf2+ 45. Kxf2 Qxb2+
46. Kf3 Qc1 47. Qh5+ Kg7 48. Qg4+ Kf7 49. Qd7+ Kg6 50. Qe8+ Kg7 51. Qe7+ Kg6
52. Qe4+ Kg7 53. Kg4 Qd1+ 54. Qf3 Qc2 55. Qd5 Qe2+ 56. Kf4 Qf2+ 57. Kg4 Qe2+
58. Kh3 Qxe3 59. a4 Qa3 60. Qxd6 Qxa4 61. Qxc5 Qd7+ 62. Kh4 Qd2 63. Qe7+ Kg6
64. Qe4+ Kg7 65. Qd5 Qh2+ 66. Kg4 Qe2+ 67. Kf5 Qf2+ 68. Ke6 Qxg3 69. c5 Qg4+
70. Ke7 Qe2+ 71. Qe6 Qb5 72. Qxf6+ Kh7 73. c6 Qc5+ 74. Kf7 Qf8+ 75. Ke6 Qc8+
76. Kd6 Qb8+ 77. Kd7 Qb5 78. Qd4 Qf5+ 79. Kd8 Qg5+ 80. Kc8 Qa5 81. Qc4 Kh8 82.
Kb7 Qf5 83. Qd4+ 1-0

[Event "Porto Mannu Open 2009"]
[Site "Palau"]
[Date "2009.05.16"]
[Round "1.3"]
[White "Malakhatko, V. (GM)."]
[Black "Gohil, H. (FM)."]
[Result "1-0"]
[WhiteElo "2618"]
[BlackElo "2334"]
[PlyCount "81"]
[EventDate "2009.05.16"]

1. d4 Nf6 2. c4 c5 3. d5 b5 4. cxb5 a6 5. bxa6 g6 6. Nc3 Bxa6 7. g3 Bg7 8. Bg2
d6 9. Nf3 Nbd7 10. Rb1 Nb6 11. b3 Bc8 12. Nh4 h6 13. Qc2 Qd7 14. Bb2 g5 15. Nf3
Qf5 16. e4 Qg6 17. O-O Ng4 18. a4 f5 19. e5 O-O 20. exd6 exd6 21. Rfe1 Bd7 22.
Nb5 Bxb2 23. Rxb2 Rae8 24. Rbb1 Bxb5 25. axb5 Qf6 26. h3 Ne5 27. Nxe5 Rxe5 28.
f4 gxf4 29. gxf4 Re7 30. Rxe7 Qxe7 31. Kh1 Qe3 32. Rf1 Kg7 33. Rf3 Qd4 34. Qe2
Qf6 35. Re3 Ra8 36. Kh2 Rg8 37. Qh5 Qf7 38. Rg3+ Kf8 39. Qxh6+ Ke7 40. Rxg8
Qxg8 41. Qg5+ 1-0

[Event "Porto Mannu Open 2009"]
[Site "Palau"]
[Date "2009.05.16"]
[Round "1.24"]
[White "Mercandelli, Claudio"]
[Black "Hein, Erwin"]
[Result "0-1"]
[WhiteElo "1893"]
[BlackElo "2180"]
[PlyCount "84"]
[EventDate "2009.05.16"]

1. Nf3 d5 2. c4 e6 3. g3 Nf6 4. Bg2 c5 5. O-O Nc6 6. cxd5 Nxd5 7. d4 cxd4 8.
Nxd4 Qb6 9. Nxc6 bxc6 10. e4 Nf6 11. Qc2 Bc5 12. Nc3 Bd4 13. Na4 Qb5 14. Bg5
Bd7 15. Bxf6 gxf6 16. e5 fxe5 17. Rac1 Rb8 18. Bxc6 Bxc6 19. Qxc6+ Qxc6 20.
Rxc6 Kd7 21. Rc2 Rhc8 22. Rfc1 Rxc2 23. Rxc2 f5 24. Kf1 Kd6 25. Ke2 e4 26. b3
h5 27. Nb2 h4 28. Nc4+ Kd5 29. Ne3+ Ke5 30. Rc4 hxg3 31. hxg3 Rh8 32. Rc1 Rh2
33. Rg1 Kd6 34. Rc1 Bc5 35. Rc2 Rh1 36. Rd2+ Ke5 37. Nc4+ Kf6 38. Ne3 Ra1 39.
Rc2 Bb4 40. Nd1 e5 41. Rb2 f4 42. gxf4 exf4 0-1

[Event "Porto Mannu Open 2009"]
[Site "Palau"]
[Date "2009.05.16"]
[Round "1.7"]
[White "Pelletier, Y. (GM)."]
[Black "Stromboli, E. (FM)."]
[Result "1-0"]
[WhiteElo "2559"]
[BlackElo "2301"]
[PlyCount "111"]
[EventDate "2009.05.16"]

1. Nf3 Nf6 2. c4 b6 3. Nc3 Bb7 4. d4 e6 5. a3 c5 6. d5 exd5 7. cxd5 d6 8. e4 a6
9. Bd3 g6 10. a4 Bg7 11. O-O O-O 12. Bf4 Nh5 13. Bg5 Qc7 14. Nd2 Nd7 15. Rc1 h6
16. Be3 Rae8 17. Kh1 Nhf6 18. Qe2 Nb8 19. Nc4 Nfd7 20. Bf4 Ne5 21. Nxe5 dxe5
22. Be3 f5 23. f3 Bc8 24. Rfd1 Qd6 25. a5 Bd7 26. axb6 Qxb6 27. Qc2 Rc8 28. Na4
Bxa4 29. Qxa4 f4 30. Bg1 Rfd8 31. Qa2 Kh7 32. Rc4 Nd7 33. Ra4 Ra8 34. Rb1 Bf8
35. Bxa6 Rdb8 36. Bc4 Qb7 37. Rxa8 Rxa8 38. Qb3 Qxb3 39. Bxb3 Rb8 40. Ba4 Nb6
41. Bb3 Nd7 42. Bc2 Kg7 43. Bf2 c4 44. Kg1 Nc5 45. Kf1 Nb3 46. Bxb3 Rxb3 47.
Be1 Bb4 48. Bxb4 Rxb4 49. Ke2 Rb3 50. Kd2 Kf7 51. Kc2 Re3 52. Rd1 Ke7 53. Rd2
Kd6 54. Kd1 g5 55. Rc2 Kc5 56. Rc3 1-0

[Event "Porto Mannu Open 2009"]
[Site "Palau"]
[Date "2009.05.16"]
[Round "1.29"]
[White "Pospisil, Evzen"]
[Black "Deruda, Leonardo"]
[Result "1-0"]
[WhiteElo "2145"]
[BlackElo "1884"]
[PlyCount "45"]
[EventDate "2009.05.16"]

1. d4 Nf6 2. Nf3 g6 3. Nc3 c5 4. d5 Bg7 5. e4 O-O 6. Be3 d6 7. Qd2 Ng4 8. Bf4
e5 9. dxe6 Bxe6 10. Bxd6 Re8 11. Bb5 Bd7 12. Bc4 Bxc3 13. Qxc3 Rxe4+ 14. Kf1
Nxf2 15. Kxf2 Bg4 16. Rad1 Nc6 17. Bd5 Rd4 18. Qxc5 Bxf3 19. gxf3 Ra4 20. Bxc6
bxc6 21. Qxc6 Rxa2 22. Be5 Qf8 23. Qf6 1-0

[Event "Porto Mannu Open 2009"]
[Site "Palau"]
[Date "2009.05.16"]
[Round "1.22"]
[White "Porzio, Massimo"]
[Black "Antkowiak, Grzegorz"]
[Result "1-0"]
[WhiteElo "1901"]
[BlackElo "2197"]
[PlyCount "107"]
[EventDate "2009.05.16"]

1. e4 c5 2. Nf3 e6 3. d4 cxd4 4. Nxd4 Nf6 5. e5 Qa5+ 6. c3 Qxe5+ 7. Be2 a6 8.
Nd2 Nc6 9. Nxc6 bxc6 10. Nc4 Qc7 11. Qd4 Nd5 12. Bf3 Bb7 13. O-O c5 14. Qg4 d6
15. Qg3 Rd8 16. Re1 Nb6 17. Bg5 Rd7 18. Nxb6 Qxb6 19. Bh5 g6 20. Bf6 Rg8 21.
Bg4 Be7 22. Bxe7 Rxe7 23. Rad1 d5 24. Bf3 f6 25. Qh4 Rf8 26. Qh3 Rff7 27. Qg3
Kf8 28. b3 Kg7 29. h4 d4 30. Bxb7 Rxb7 31. cxd4 cxd4 32. Re4 Rbd7 33. h5 Rd5
34. h6+ Kxh6 35. Qh3+ Kg7 36. Qxe6 Qxe6 37. Rxe6 a5 38. Kf1 Rc7 39. Re4 Rc2 40.
a4 d3 41. Rc4 h5 42. g3 g5 43. Ke1 Re5+ 44. Kf1 Rf5 45. Rxc2 dxc2 46. Rc1 Rc5
47. Ke2 Rc3 48. Kd2 Rxb3 49. Rxc2 Rb4 50. Ra2 h4 51. gxh4 gxh4 52. Ra3 Kg6 53.
Ke2 Kg5 54. f3 1-0

[Event "Porto Mannu Open 2009"]
[Site "Palau"]
[Date "2009.05.16"]
[Round "1.8"]
[White "Rodriguez Lopez, R. (IM)."]
[Black "Conquest, S. (GM)."]
[Result "0-1"]
[WhiteElo "2299"]
[BlackElo "2549"]
[PlyCount "86"]
[EventDate "2009.05.16"]

1. e4 c5 2. Nf3 e6 3. d4 cxd4 4. Nxd4 a6 5. c4 Nf6 6. Nc3 Qc7 7. a3 b6 8. Be3
Bb7 9. f3 Be7 10. Be2 O-O 11. Rc1 Rc8 12. O-O Bd6 13. Kh1 Bxh2 14. f4 Bg3 15.
e5 Ne4 16. Bd3 Nxc3 17. Rxc3 Qd8 18. Qg4 Qh4+ 19. Qxh4 Bxh4 20. Nf3 Bd8 21. Rb3
a5 22. Bxb6 a4 23. Rb4 Nc6 24. Be4 Nxb4 25. Bxb7 Nd3 26. Bxd8 Rxd8 27. Bxa8
Rxa8 28. Nd2 Rb8 29. Rf3 Nc5 30. Re3 Rxb2 31. Ne4 Rb3 32. Rxb3 axb3 33. Nd2 g5
34. fxg5 Kg7 35. Kg1 Kg6 36. Kf2 Kf5 37. Ke3 b2 38. Nb1 Kxe5 39. g3 d6 40. g4
Na4 41. Kd3 Kf4 42. Kc2 e5 43. Kb3 e4 0-1

[Event "Porto Mannu Open 2009"]
[Site "Palau"]
[Date "2009.05.16"]
[Round "1.30"]
[White "Russo, Roberto"]
[Black "Bernardi, Ruben"]
[Result "0-1"]
[WhiteElo "1884"]
[BlackElo "2143"]
[PlyCount "64"]
[EventDate "2009.05.16"]

1. e4 c5 2. Nf3 Nc6 3. c3 Nf6 4. e5 Nd5 5. d4 cxd4 6. cxd4 e6 7. Bc4 d6 8. Bxd5
exd5 9. h3 dxe5 10. Nxe5 Bd6 11. O-O O-O 12. Nxc6 bxc6 13. b3 Re8 14. Re1 Be6
15. Re3 Rc8 16. Ba3 Bf4 17. Rf3 Bb8 18. Nc3 Qc7 19. Rg3 Qa5 20. Bb2 Bxg3 21.
fxg3 Bf5 22. Qd2 Qa6 23. Rf1 Bg6 24. Rf3 Re6 25. Re3 Rce8 26. Rxe6 Rxe6 27. h4
h6 28. a4 Qb7 29. Qd1 Qe7 30. Kf2 Qf6+ 31. Kg1 Re3 32. Kh2 Qf2 0-1

[Event "Porto Mannu Open 2009"]
[Site "Palau"]
[Date "2009.05.16"]
[Round "1.16"]
[White "Sbarra, Marco"]
[Black "Skembris, Spyridon"]
[Result "0-1"]
[WhiteElo "2232"]
[BlackElo "2434"]
[PlyCount "73"]
[EventDate "2009.05.16"]

1. d4 Nf6 2. c4 c5 3. d5 e5 4. Nc3 d6 5. e4 Be7 6. Nf3 O-O 7. Be2 a6 8. O-O Ne8
9. a3 Kh8 10. b4 b6 11. bxc5 bxc5 12. Rb1 g6 13. Ne1 Bg5 14. Bb2 f5 15. exf5
gxf5 16. Nd3 Bf6 17. f4 e4 18. Ne1 Nd7 19. Kh1 Rb8 20. Ba1 Rxb1 21. Qxb1 Qa5
22. Qc1 Nb6 23. g3 Bd7 24. Ng2 Bd4 25. Nd1 Na4 26. Nde3 Nf6 27. Re1 Rb8 28. Bf1
Nb2 29. Nh4 Nd3 30. Bxd3 exd3 31. Rd1 Ne4 32. Nexf5 Nf2+ 33. Kg2 Nxd1 34. Qxd1
Qxa3 35. Nxd4 Kg8 36. f5 Qa2+ 37. Kg1 0-1

[Event "Porto Mannu Open 2009"]
[Site "Palau"]
[Date "2009.05.16"]
[Round "1.44"]
[White "Scotta, Piergiorgio"]
[Black "Matzat, Andre"]
[Result "1-0"]
[WhiteElo "1823"]
[BlackElo "2041"]
[PlyCount "67"]
[EventDate "2009.05.16"]

1. c4 c5 2. Nc3 g6 3. g3 Nc6 4. Bg2 Bg7 5. Nf3 e5 6. a3 d6 7. O-O Nge7 8. Rb1
a5 9. Ne1 O-O 10. Nc2 Be6 11. Ne3 Rb8 12. Ned5 Qd7 13. d3 Bh3 14. Nb6 Qe6 15.
Ncd5 Bxg2 16. Kxg2 Nc8 17. Nc7 Qe7 18. Nbd5 Qd8 19. h4 N8a7 20. Bg5 f6 21. Ne6
Qc8 22. Nxf8 fxg5 23. Nxg6 hxg6 24. hxg5 Qg4 25. Qd2 b5 26. Rh1 bxc4 27. Rh4 c3
28. bxc3 Qc8 29. Rxb8 Qxb8 30. Nf6+ Kf7 31. Qa2+ Ke7 32. Rh7 Qf8 33. Qb3 Nd8
34. Qb8 1-0

[Event "Porto Mannu Open 2009"]
[Site "Palau"]
[Date "2009.05.16"]
[Round "1.6"]
[White "Slavin, A."]
[Black "Marin, M. (GM)."]
[Result "0-1"]
[WhiteElo "2308"]
[BlackElo "2564"]
[PlyCount "144"]
[EventDate "2009.05.16"]

1. d4 Nf6 2. Nf3 g6 3. Bg5 Bg7 4. Nbd2 d5 5. e3 O-O 6. Bd3 Nbd7 7. O-O c5 8. c3
Re8 9. Re1 Qb6 10. Qb3 c4 11. Qxb6 Nxb6 12. Bc2 Bf5 13. Rac1 Bxc2 14. Rxc2 Rac8
15. Bf4 Nh5 16. Bg3 Nxg3 17. hxg3 f5 18. b3 e6 19. Rb1 Re7 20. Kf1 Bf6 21. bxc4
Nxc4 22. Nxc4 Rxc4 23. Rb4 Rec7 24. Rxc4 Rxc4 25. Nd2 Rc6 26. Ke2 b5 27. Kd3
Be7 28. Rb2 a6 29. Nb1 Rc4 30. Nd2 Ra4 31. Kc2 Kf8 32. Kb1 Ke8 33. Kc2 Kd7 34.
Kd3 Bd6 35. Nb3 Ke7 36. Kd2 e5 37. dxe5 Bxe5 38. Nd4 Kd6 39. Kd3 Ra3 40. Kc2
Bf6 41. Kd2 Kc5 42. Ne6+ Kc6 43. Nd4+ Kb6 44. Kc2 Bxd4 45. exd4 Kc6 46. Kd2 b4
47. cxb4 Kb5 48. Rc2 Kxb4 49. Rc5 Rxa2+ 50. Ke3 Ra5 51. Rc7 Rb5 52. Kf4 a5 53.
Rxh7 a4 54. Kg5 Rb6 55. Ra7 a3 56. g4 fxg4 57. Kxg4 Kb3 58. Kf4 a2 59. Ke5 Rb4
60. Rxa2 Kxa2 61. f4 Rb5 62. Kf6 Rb6+ 63. Ke5 Rb5 64. Kf6 Kb3 65. Kxg6 Kc4 66.
f5 Kxd4 67. g4 Ke5 68. f6 d4 69. g5 d3 70. f7 Rb8 71. Kh7 d2 72. g6 d1=Q 0-1

[Event "Porto Mannu Open 2009"]
[Site "Palau"]
[Date "2009.05.16"]
[Round "1.18"]
[White "Sprotte, Norbert"]
[Black "Bitalzadeh, Ali"]
[Result "1/2-1/2"]
[WhiteElo "2217"]
[BlackElo "2417"]
[PlyCount "51"]
[EventDate "2009.05.16"]

1. d4 Nf6 2. Nf3 g6 3. c4 Bg7 4. Nc3 O-O 5. Bf4 d6 6. e3 b6 7. Be2 Bb7 8. h3
Nbd7 9. O-O Re8 10. Bh2 e5 11. a4 e4 12. Ne1 a5 13. Nb5 Bc6 14. Qb3 h5 15. Nc2
Nh7 16. Nca3 Ng5 17. Rfd1 Rb8 18. Rac1 Ba8 19. Qa2 Qc8 20. Nb1 Kh7 21. N1c3 Ne6
22. Nd5 Qd8 23. Nf4 Qc8 24. Nd5 Qd8 25. Nf4 Qc8 26. Nd5 1/2-1/2

[Event "Porto Mannu Open 2009"]
[Site "Palau"]
[Date "2009.05.16"]
[Round "1.10"]
[White "Stromboli, Carlo"]
[Black "Cmilyte, Viktorija"]
[Result "1-0"]
[WhiteElo "2283"]
[BlackElo "2498"]
[PlyCount "85"]
[EventDate "2009.05.16"]

1. e4 c5 2. Nf3 Nc6 3. d4 cxd4 4. Nxd4 Nf6 5. Nc3 e5 6. Ndb5 d6 7. Bg5 a6 8.
Na3 b5 9. Nd5 Be7 10. Bxf6 Bxf6 11. c3 Bg5 12. Nc2 O-O 13. a4 bxa4 14. Rxa4 a5
15. Bc4 Rb8 16. b3 Kh8 17. Nce3 g6 18. h4 Bxh4 19. g3 Bg5 20. f4 exf4 21. gxf4
Bh4+ 22. Kd2 Be6 23. Ra2 Rg8 24. Kc1 Rg7 25. Rah2 Bf6 26. Kc2 a4 27. b4 Rc8 28.
Nxf6 Qxf6 29. Qxd6 h5 30. Nd5 Nxb4+ 31. Qxb4 Bxd5 32. Bxd5 Qxf4 33. Qd4 f6 34.
Rf2 Qg3 35. Rhf1 Rgc7 36. Rf3 Qd6 37. Kd2 Qa3 38. Re1 Kh7 39. Rxf6 Rd8 40. Re2
Qe7 41. Re1 Rb7 42. Ref1 h4 43. e5 1-0

[Event "Porto Mannu Open 2009"]
[Site "Palau"]
[Date "2009.05.16"]
[Round "1.1"]
[White "Tiviakov, S. (GM)."]
[Black "Miedema, R (FM)."]
[Result "1-0"]
[WhiteElo "2697"]
[BlackElo "2370"]
[PlyCount "127"]
[EventDate "2009.05.16"]

1. e4 e6 2. d4 d5 3. Nd2 c5 4. dxc5 Bxc5 5. Bd3 Nf6 6. Qe2 Nc6 7. Ngf3 Nb4 8.
e5 Nd7 9. O-O b6 10. Nb3 Nxd3 11. cxd3 Ba6 12. Bg5 Be7 13. Bxe7 Qxe7 14. Nfd4
Nc5 15. Nc1 O-O 16. f4 f6 17. Rf3 fxe5 18. Nc6 Qd6 19. Nxe5 Rf5 20. Nb3 Nxb3
21. axb3 Bb5 22. Qe3 a5 23. d4 Rc8 24. Rc1 Rff8 25. h3 Rxc1+ 26. Qxc1 Qb4 27.
Qe3 Rc8 28. Rf2 Qf8 29. g4 Qe7 30. Kg2 Be8 31. Qd3 Rc1 32. Rc2 Rxc2+ 33. Qxc2
Qb4 34. Nf3 h6 35. Kf2 Qe7 36. Ke3 g5 37. fxg5 hxg5 38. Kf2 Kg7 39. Qd2 Kg6 40.
Qe3 Qf6 41. Kg3 Bb5 42. Qe5 Qxe5+ 43. Nxe5+ Kf6 44. h4 Be8 45. hxg5+ Kxg5 46.
Nf3+ Kf6 47. Kf4 b5 48. b4 axb4 49. Ne5 b3 50. Nd3 Bg6 51. Nc5 Bc2 52. g5+ Kf7
53. Ke5 Bf5 54. Nxb3 Kg6 55. Kf4 Bc2 56. Nc5 Bf5 57. b4 e5+ 58. Kxe5 Kxg5 59.
Kxd5 Kf6 60. Kd6 Bg4 61. Na6 Be2 62. Nc7 Kf7 63. d5 Bf1 64. Kc6 1-0

[Event "Porto Mannu Open 2009"]
[Site "Palau"]
[Date "2009.05.16"]
[Round "1.4"]
[White "Van Eijk, S. (FM)."]
[Black "Korneev, O. (GM)."]
[Result "1/2-1/2"]
[WhiteElo "2319"]
[BlackElo "2587"]
[PlyCount "125"]
[EventDate "2009.05.16"]

1. e4 e5 2. f4 exf4 3. Nf3 g5 4. h4 g4 5. Ne5 d6 6. Nxg4 Nf6 7. Nxf6+ Qxf6 8.
Nc3 Nc6 9. d4 Qxd4 10. Bxf4 Be6 11. Qxd4 Nxd4 12. O-O-O Bg7 13. Nd5 Kd7 14. Bg5
Nc6 15. Be2 h6 16. Bf4 Be5 17. Be3 Rag8 18. Bf3 Ne7 19. Nb4 Nc6 20. Nd5 a5 21.
Rhg1 Nb4 22. a3 Nxd5 23. exd5 Bg4 24. Rdf1 f6 25. h5 a4 26. c3 c5 27. dxc6+
bxc6 28. Rh1 Rg7 29. Be4 d5 30. Bc2 Be6 31. Bxa4 Rxg2 32. Rhg1 Rh2 33. Rg7+ Kd6
34. Bd1 c5 35. Ra7 d4 36. Bg1 Rh4 37. Ra6+ Ke7 38. Ra7+ Kd6 39. Ra6+ Ke7 40.
Ra7+ Bd7 41. Re1 Kd6 42. Bf2 Rh2 43. Bg1 Rh4 44. Bf2 Rh2 45. Bg1 Rg2 46. Ra6+
Kc7 47. Ra7+ Kd6 48. Ra6+ Kc7 49. Ra7+ Kd8 50. Ra8+ Bc8 51. Bf3 Rg3 52. Bb7 Kc7
53. Rxc8+ Rxc8 54. Bxc8 Kxc8 55. cxd4 cxd4 56. Rd1 Rg4 57. Kc2 Rg2+ 58. Kd3
Rxb2 59. Bxd4 Rh2 60. Bxe5 fxe5 61. Ke4 Rxh5 62. Rd5 Rh1 63. Rxe5 1/2-1/2